<?xml version="1.0" encoding="UTF-8"?>
<record
    xmlns:xsi="http://www.w3.org/2001/XMLSchema-instance"
    xsi:schemaLocation="http://www.loc.gov/MARC21/slim http://www.loc.gov/standards/marcxml/schema/MARC21slim.xsd"
    xmlns="http://www.loc.gov/MARC21/slim">

  <leader>00970cam a2200253 a 4500</leader>
  <datafield tag="999" ind1=" " ind2=" ">
    <subfield code="c">329845</subfield>
    <subfield code="d">329845</subfield>
  </datafield>
  <controlfield tag="001">14241647</controlfield>
  <controlfield tag="003">NUST</controlfield>
  <controlfield tag="005">20170523150728.0</controlfield>
  <controlfield tag="008">060126s2005    pk       b    001 0deng  </controlfield>
  <datafield tag="010" ind1=" " ind2=" ">
    <subfield code="a">  2006334004</subfield>
  </datafield>
  <datafield tag="020" ind1=" " ind2=" ">
    <subfield code="a">9693517547</subfield>
  </datafield>
  <datafield tag="040" ind1=" " ind2=" ">
    <subfield code="a">DLC</subfield>
    <subfield code="c">DLC</subfield>
    <subfield code="d">DLC</subfield>
  </datafield>
  <datafield tag="043" ind1=" " ind2=" ">
    <subfield code="a">a-ii---</subfield>
  </datafield>
  <datafield tag="050" ind1="0" ind2="0">
    <subfield code="a">BP80.W26</subfield>
    <subfield code="b">S54 2005</subfield>
  </datafield>
  <datafield tag="082" ind1=" " ind2=" ">
    <subfield code="a">923.4 CHA</subfield>
  </datafield>
  <datafield tag="245" ind1="0" ind2="0">
    <subfield code="a">Shah Waliullah (1703 - 1762) :</subfield>
    <subfield code="b">his religious and political thought /</subfield>
    <subfield code="c">edited &amp; annotated by M. Ikr&#x101;m Chaghatai.</subfield>
  </datafield>
  <datafield tag="260" ind1=" " ind2=" ">
    <subfield code="a">Lahore :</subfield>
    <subfield code="b">Sang-e-Meel Publications,</subfield>
    <subfield code="c">2005.</subfield>
  </datafield>
  <datafield tag="300" ind1=" " ind2=" ">
    <subfield code="a">743 p. :</subfield>
    <subfield code="c">25 cm.</subfield>
  </datafield>
  <datafield tag="504" ind1=" " ind2=" ">
    <subfield code="a">Includes bibliographical references (p. [695] - 714) and index.</subfield>
  </datafield>
  <datafield tag="600" ind1="0" ind2="0">
    <subfield code="a">Wali All&#x101;h al-Dihlaw&#x12B;,</subfield>
    <subfield code="d">1702 or 1703-1762 or 1763.</subfield>
    <subfield code="9">1375</subfield>
  </datafield>
  <datafield tag="650" ind1=" " ind2="0">
    <subfield code="a">Muslim scholars</subfield>
    <subfield code="z">India</subfield>
    <subfield code="v">Biography.</subfield>
    <subfield code="9">1376</subfield>
  </datafield>
  <datafield tag="700" ind1="1" ind2=" ">
    <subfield code="a">Cug&#x332;h&#x332;t&#x101;&#x2BC;&#x12B;, Mu&#x1E25;ammad Ikr&#x101;m.</subfield>
    <subfield code="9">1316</subfield>
  </datafield>
  <datafield tag="906" ind1=" " ind2=" ">
    <subfield code="a">7</subfield>
    <subfield code="b">cbc</subfield>
    <subfield code="c">origode</subfield>
    <subfield code="d">3</subfield>
    <subfield code="e">ncip</subfield>
    <subfield code="f">20</subfield>
    <subfield code="g">y-gencatlg</subfield>
  </datafield>
  <datafield tag="942" ind1=" " ind2=" ">
    <subfield code="2">ddc</subfield>
    <subfield code="c">BK</subfield>
  </datafield>
  <datafield tag="952" ind1=" " ind2=" ">
    <subfield code="0">0</subfield>
    <subfield code="1">0</subfield>
    <subfield code="2">ddc</subfield>
    <subfield code="4">0</subfield>
    <subfield code="7">0</subfield>
    <subfield code="a">NIT</subfield>
    <subfield code="b">NIT</subfield>
    <subfield code="d">2017-05-23</subfield>
    <subfield code="l">1</subfield>
    <subfield code="o">923.4 CHA</subfield>
    <subfield code="p">NIT-8739</subfield>
    <subfield code="r">2024-02-12</subfield>
    <subfield code="s">2023-09-22</subfield>
    <subfield code="w">2017-05-23</subfield>
    <subfield code="y">BK</subfield>
  </datafield>
</record>
